Akutagawa Ryunosuke : the inner struggle /
Saved in:
| 主要作者: | |
|---|---|
| 格式: | Thesis 圖書 |
| 語言: | Japanese |
| 出版: |
1988
|
| 主題: | |
| 標簽: |
添加標簽
沒有標簽, 成為第一個標記此記錄!
|
| LEADER | 00837cam a2200265 4500 | ||
|---|---|---|---|
| 001 | u86343 | ||
| 003 | SIRSI | ||
| 008 | 891019s1988 si v 0 jpn | ||
| 015 | |a X890086120 | ||
| 035 | |a AAJ-4012 | ||
| 040 | |a UMM | ||
| 041 | 0 | |a jpa |b engchi | |
| 050 | 1 | |a PL801.K8 | |
| 090 | 0 | 0 | |a PL801 |b K8ZNeo |
| 100 | 1 | 0 | |a Neo, Chuan Choon |
| 245 | 1 | 0 | |a Akutagawa Ryunosuke : |b the inner struggle / |c by Neo Chuan Choon |
| 260 | |c 1988 | ||
| 300 | |a xi, 174 leaves ; |c 29cm | ||
| 502 | |a Dissertation (M.A.) -- National University of Singapore, 1988 | ||
| 504 | 0 | 0 | |a Bibliography: p.122-133 |
| 600 | 1 | 0 | |a Akutagawa, Ryunosuke, |c 1892-1927 |
| 650 | 0 | |a Japanese fiction |x History and criticism | |
| 948 | |a 17/03/1991 |b 15/08/2002 | ||
| 596 | |a 1 | ||
| 999 | |a PL801 K8ZNEO |w LC |c 1 |i A010604009 |d 1/9/2020 |e 1/9/2020 |l STACKS |m P01UTAMA |n 2 |r Y |s Y |t TESIS |u 21/1/1992 | ||
